MARC details
| 000 -CABECERA |
| campo de control de longitud fija |
01513nam a2200361 i 4500 |
| 003 - IDENTIFICADOR DEL NÚMERO DE CONTROL |
| campo de control |
DO-SdBNP |
| 005 - FECHA Y HORA DE LA ÚLTIMA TRANSACCIÓN |
| campo de control |
20240426132047.0 |
| 007 - CAMPO FIJO DE DESCRIPCIÓN FÍSICA--INFORMACIÓN GENERAL |
| campo de control de longitud fija |
ta |
| 008 - DATOS DE LONGITUD FIJA--INFORMACIÓN GENERAL |
| campo de control de longitud fija |
240424b2019 dr ad||| |||| 00| 0 spa d |
| 020 ## - NÚMERO INTERNACIONAL ESTÁNDAR DEL LIBRO |
| Número Internacional Estándar del Libro |
9789945177510 |
| 040 ## - FUENTE DE LA CATALOGACIÓN |
| Centro catalogador/agencia de origen |
DO-SdBNP |
| Lengua de catalogación |
spa |
| Centro/agencia transcriptor |
BNPHU |
| Normas de descripción |
rda |
| 082 #4 - NÚMERO DE LA CLASIFICACIÓN DECIMAL DEWEY |
| Número de edición |
22 |
| 245 00 - MENCIÓN DE TÍTULO |
| Título |
Matemática 5 : |
| Resto del título |
del proyecto editorial de educación primaria / |
| Mención de responsabilidad, etc. |
colaboración, Leonel Rivas, Rosenilda de Jesús, Fabiola Iturra Quijada ; edición, Julissa Hernández Hernández ; corrección, Josie Roques Paulino ; ilustraciones, Nathalia Rivera Pérez, Juan Pablo Feliz, Edmundo Castillo, Wi-Hen Fung. |
| 264 #4 - PRODUCCIÓN, PUBLICACIÓN, DISTRIBUCIÓN, FABRICACIÓN Y COPYRIGHT |
| Producción, publicación, distribución, fabricación y copyright |
Santo Domingo : |
| Nombre del de productor, editor, distribuidor, fabricante |
S M, |
| Fecha de producción, publicación, distribución, fabricación o copyright |
2019. |
| 300 ## - DESCRIPCIÓN FÍSICA |
| Extensión |
239 páginas : |
| Otras características físicas |
Ilustraciones, gráficos ; |
| Dimensiones |
27 cm. |
| 336 ## - TIPO DE CONTENIDO |
| Fuente |
rdacontent |
| Término de tipo de contenido |
texto |
| Código de tipo de contenido |
txt |
| 337 ## - TIPO DE MEDIO |
| Fuente |
rdamedia |
| Nombre/término del tipo de medio |
sin mediación |
| Código del tipo de medio |
n |
| 338 ## - TIPO DE SOPORTE |
| Fuente |
rdacarrier |
| Nombre/término del tipo de soporte |
volumen |
| Código del tipo de soporte |
nc |
| 490 ## - MENCIÓN DE SERIE |
| Mención de serie |
Savia |
| 590 ## - NOTA LOCAL (RLIN) |
| Nota local |
Inventariado 2024/BT |
| 700 1# - PUNTO DE ACCESO ADICIONAL--NOMBRE DE PERSONA |
| Nombre de persona |
Rivas, Leonel,, |
| Término indicativo de función/relación |
colaboración |
| 9 (RLIN) |
85304 |
| 700 1# - PUNTO DE ACCESO ADICIONAL--NOMBRE DE PERSONA |
| Nombre de persona |
Jesús, Rosenilda de, |
| Término indicativo de función/relación |
colaboración |
| 9 (RLIN) |
85305 |
| 700 1# - PUNTO DE ACCESO ADICIONAL--NOMBRE DE PERSONA |
| Nombre de persona |
Iturra Quijada, Fabiola, |
| Término indicativo de función/relación |
colaboración |
| 9 (RLIN) |
85306 |
| 700 1# - PUNTO DE ACCESO ADICIONAL--NOMBRE DE PERSONA |
| Nombre de persona |
Mardones Rojas, Óscar, |
| Término indicativo de función/relación |
colaboración |
| 9 (RLIN) |
85307 |
| 700 1# - PUNTO DE ACCESO ADICIONAL--NOMBRE DE PERSONA |
| Nombre de persona |
Roques Paulino, Josie, |
| Término indicativo de función/relación |
corrección |
| 9 (RLIN) |
85308 |
| 700 1# - PUNTO DE ACCESO ADICIONAL--NOMBRE DE PERSONA |
| Nombre de persona |
Sandoval, Johanna E., |
| Término indicativo de función/relación |
corrección |
| 9 (RLIN) |
85309 |
| 700 1# - PUNTO DE ACCESO ADICIONAL--NOMBRE DE PERSONA |
| Nombre de persona |
Fung, Wi-Hen, |
| Término indicativo de función/relación |
ilustración |
| 9 (RLIN) |
73248 |
| 700 1# - PUNTO DE ACCESO ADICIONAL--NOMBRE DE PERSONA |
| Nombre de persona |
Rivera Pérez, Nathalia, |
| Término indicativo de función/relación |
ilustración |
| 9 (RLIN) |
85313 |
| 700 1# - PUNTO DE ACCESO ADICIONAL--NOMBRE DE PERSONA |
| Nombre de persona |
Feliz, Juan Pablo, |
| Término indicativo de función/relación |
ilustración |
| 9 (RLIN) |
6598 |
| 700 1# - PUNTO DE ACCESO ADICIONAL--NOMBRE DE PERSONA |
| Nombre de persona |
Castillo, Edmundo, |
| Término indicativo de función/relación |
ilustración |
| 9 (RLIN) |
23173 |
| 910 ## - DATOS DE OPCIÓN DEL USUARIO (OCLC) |
| Datos de opción del usuario |
BTavárez |
| 942 ## - ELEMENTOS DE PUNTO DE ACCESO ADICIONAL (KOHA) |
| Fuente del sistema de clasificación o colocación |
Dewey Decimal Classification |
| Tipo de ítem Koha |
Libro |